Middle Earth Settlements - Sudden Death - Statistics

General Stats
  • This quiz has been taken 199 times
  • The average score is 7 of 15
Answers on the Grid
Answers color-coded by a green-red scale on the quiz's grid according to % correct below.
Alqualondë
Anduin
Anfauglith
Angband
Aragorn
Belmopan
Bree
Bruinen
Caracas
Caradhras
Caras Galadhon
Dagorlad
Dol Amroth
Edoras
Esgalduin
Galadriel
Gandalf
Gelion
Gibraltar
Gondolin
Great Smials
Grey Havens
Helcaraxë
Hobbiton
Khartoum
Khazad-dûm
Laurelin
Mandos
Manila
Menegroth
Minas Tirith
Morannon
Morgai
Nargothrond
Orodruin
Pelargir
Rivendell
Saruman
Sirion
Taniquetil
Tirion
Treebeard
Valinor
Yaren
 
Answer Stats
Answer % Correct
Bree
76%
Minas Tirith
62%
Rivendell
55%
Edoras
54%
Khazad-dûm
54%
Hobbiton
53%
Grey Havens
51%
Angband
46%
Gondolin
45%
Dol Amroth
44%
Caras Galadhon
27%
Nargothrond
26%
Menegroth
22%
Great Smials
18%
Pelargir
16%
No matching quizzes found
Score Distribution
Percent of People with Each Score
Percentile by Number Answered
Your Score History
You have not taken this quiz